000 00428cam a2200181ua 4500
020 _c11.00
041 _aeng
_h
082 _a581
_bDUT/CL
100 _aDutta, A C .
245 _aClass book of botany /
_cA C Dutta.
_hTextual Documents
250 _a11 /
_b.
260 _aLondon :
_bOxford University Press ,
_c1959.
300 _a625 ; .
365 _a11.00
504 _a
942 _cBK
999 _c9346
_d9346